Risks and legal theory. (Record no. 618379)

MARC details
000 -LEADER
fixed length control field 01421nam a2200157 a 4500
008 - FIXED-LENGTH DATA ELEMENTS--GENERAL INFORMATION
fixed length control field 260330s2026##################000#0#eng##
020 ## - INTERNATIONAL STANDARD BOOK NUMBER
ISBN 9780841130897
082 04 - DEWEY DECIMAL CLASSIFICATION NUMBER
Classification number 340.109 STE
100 ## - MAIN ENTRY--AUTHOR NAME
Personal name /by Steele,jenny.
245 10 - TITLE STATEMENT
Title Risks and legal theory.
260 ## - PUBLICATION, DISTRIBUTION, ETC. (IMPRINT)
Place of publication North America
Name of publisher Hart Publishing
Year of publication 2004
300 ## - PHYSICAL DESCRIPTION
Number of Pages xii,216p.;
Dimensions 20cm.
520 ## - SUMMARY, ETC.
Summary, etc <br/>In almost every field of law,from tort and contract to environmental law and criminal justice, issues about ‘risk’ are increasingly of interest to lawyers. At the same time, there has been little general enquiry into the nature of the contact between law and risks. This book argues that ideas about risk have not traditionally been absent from law, as is sometimes supposed. Lawyers and legal theorists have used and conceptualised risk in particular ways, and ideas of risk have had significant influence in key elements of legal theory including questions of justice and responsibility. The book explores the conceptual place of risk across a number of fields of law; and identifies some significant challenges for law and legal theory arising from broader debates about risk. It therefore sheds light on areas that are under-explored despite current interest among lawyers, and aims to provide an accessible guide to emerging controversies and challenges for law in this area while explaining their significance.
942 ## - ADDED ENTRY ELEMENTS (KOHA)
Koha item type English Books
Holdings
Withdrawn status Lost status Damaged status Not for loan Home library Current library Shelving location Date acquired Full call number Accession Number Price effective from Koha item type
        Anna Centenary Library Anna Centenary Library 4TH FLOOR, A WING 30.03.2026 340.109 STE 380982 30.03.2026 English Books

Find us on the map